00313nam a2200121Ia 4500008004100000041000800041082001400049100001900063245004500082260002600127300002900153365000900182240624s9999 xx 000 0 und d aeng a388.8 JAI aJAIN SUBHASH C aTOWARD A GLOBAL BUSINESS CONFEDERATION A c2003aLondonbPraeger ax, : 248 : p. : cm. ; 24 cb28